<?xml version="1.0" encoding="UTF-8"?>
<record
    xmlns:xsi="http://www.w3.org/2001/XMLSchema-instance"
    xsi:schemaLocation="http://www.loc.gov/MARC21/slim http://www.loc.gov/standards/marcxml/schema/MARC21slim.xsd"
    xmlns="http://www.loc.gov/MARC21/slim">

  <leader>00597naa a22001337a 4500</leader>
  <controlfield tag="003">KOSZ 005</controlfield>
  <controlfield tag="005">20180411094711.0</controlfield>
  <controlfield tag="008">180411s2011    pol||||| |||| 00| 0 pol d</controlfield>
  <datafield tag="040" ind1=" " ind2=" ">
    <subfield code="c">KOSZ 005/MD</subfield>
  </datafield>
  <datafield tag="100" ind1=" " ind2=" ">
    <subfield code="a">DANIELEWICZ, Zbigniew.</subfield>
    <subfield code="b">Politechnika Koszali&#x144;ska - Instytut Polityki Spo&#x142;ecznej i Stosunk&#xF3;w Mi&#x119;dzynarodowych</subfield>
    <subfield code="d">2010 - .</subfield>
  </datafield>
  <datafield tag="245" ind1="1" ind2="0">
    <subfield code="a">"Communio" Ko&#x15B;cio&#x142;a wed&#x142;ug J&#xFC;rgena Moltmanna :</subfield>
    <subfield code="b">od wsp&#xF3;lnoty podstawowej po horyzont nowego stworzenia /</subfield>
    <subfield code="c">Zbigniew Danielewicz.</subfield>
  </datafield>
  <datafield tag="773" ind1=" " ind2=" ">
    <subfield code="i">W : </subfield>
    <subfield code="t">Studia Koszali&#x144;sko-Ko&#x142;obrzeskie. -</subfield>
    <subfield code="g">2011, T. 16, s. 33-47.</subfield>
    <subfield code="z">1230-0780</subfield>
  </datafield>
  <datafield tag="942" ind1=" " ind2=" ">
    <subfield code="2">UKD</subfield>
    <subfield code="c">ART</subfield>
  </datafield>
  <datafield tag="999" ind1=" " ind2=" ">
    <subfield code="c">9853</subfield>
    <subfield code="d">9853</subfield>
  </datafield>
</record>
